[Event "CYCC U12"]
[Site "Ottawa CAN"]
[Date "2007.07.04"]
[Round "3"]
[White "Gagnon, Justin"]
[Black "Li, Ruokai (David)"]
[Result "0-1"]
[WhiteElo "1469"]
[BlackElo "958"]
[PlyCount "92"]
[GameId "2160767910650863"]
[EventDate "2007.07.03"]
[EventType "swiss"]
[EventRounds "7"]
[EventCountry "CAN"]

1. e4 e6 2. d4 d5 3. e5 c5 4. c3 Nc6 5. Nf3 Qb6 6. b3 cxd4 7. cxd4 Bb4+ 8. Bd2 Nxd4 9. Nxd4 Qxd4 10. Bb5+ Bd7 11. Bxd7+ Kxd7 12. Bxb4 Qxb4+ 13. Nd2 Rc8 14. Rc1 Ne7 15. O-O Rxc1 16. Qxc1 Rc8 17. Qd1 Qd4 18. Nc4 Qxd1 19. Rxd1 Nf5 20. h3 Ke7 21. Na3 a6 22. Rd2 Nh4 23. Rc2 Rxc2 24. Nxc2 Ng6 25. g3 Nxe5 26. f4 Nc6 27. Ne3 f5 28. Kf2 Kd6 29. Ke2 b5 30. Nc2 Kc5 31. a3 Nd4+ 32. Nxd4 Kxd4 33. Kd2 h5 34. h4 a5 35. Kc2 Ke3 36. b4 a4 37. Kc3 d4+ 38. Kc2 d3+ 39. Kd1 d2 40. Kc2 Ke2 41. Kb2 d1=Q 42. Kc3 Ke3 43. Kb2 Kd2 44. g4 Qb3+ 45. Ka1 Kc1 46. gxh5 Qb2# 0-1

[Event "CYCC U12"]
[Site "Ottawa CAN"]
[Date "2007.07.04"]
[Round "3"]
[White "Han, Yifei"]
[Black "Itkin, David"]
[Result "1-0"]
[WhiteElo "1854"]
[BlackElo "1482"]
[PlyCount "49"]
[GameId "2160767910650864"]
[EventDate "2007.07.03"]
[EventType "swiss"]
[EventRounds "7"]
[EventCountry "CAN"]
[SourceTitle "EXT 2022"]
[Source "ChessBase"]
[SourceDate "2021.10.06"]
[SourceVersion "1"]
[SourceVersionDate "2021.10.06"]
[SourceQuality "1"]

1. e4 c5 2. Nf3 e6 3. d4 cxd4 4. Nxd4 Nf6 5. Nc3 Qb6 6. Nb3 Bb4 7. Be3 Qc7 8. Qd4 Nc6 9. Qc4 d5 10. exd5 exd5 11. Qf4 Qxf4 12. Bxf4 d4 13. a3 dxc3 14. axb4 Nxb4 15. Nd4 Bf5 16. Bb5+ Nd7 17. Bxd7+ Kxd7 18. O-O-O cxb2+ 19. Kxb2 Bg6 20. Nf3+ Ke6 21. Rhe1+ Kf5 22. Re5+ Kg4 23. h3+ Kxf4 24. Rd4+ Be4 25. Rdxe4# 1-0

[Event "CYCC U12"]
[Site "Ottawa CAN"]
[Date "2007.07.04"]
[Round "3"]
[White "Han, Yiming"]
[Black "Gusev, Nikita"]
[Result "0-1"]
[WhiteElo "1904"]
[BlackElo "2032"]
[PlyCount "120"]
[GameId "2160767910650865"]
[EventDate "2007.07.03"]
[EventType "swiss"]
[EventRounds "7"]
[EventCountry "CAN"]
[SourceTitle "EXT 2022"]
[Source "ChessBase"]
[SourceDate "2021.10.06"]
[SourceVersion "1"]
[SourceVersionDate "2021.10.06"]
[SourceQuality "1"]

1. e4 c5 2. Nf3 Nc6 3. d4 cxd4 4. Nxd4 g6 5. Nc3 Bg7 6. Be3 Nf6 7. f3 O-O 8. Qd2 d5 9. exd5 Nxd5 10. Nxd5 Qxd5 11. c4 Qe5 12. Nxc6 bxc6 13. O-O-O Be6 14. Bd4 Qxd4 15. Qxd4 Bxd4 16. Rxd4 c5 17. Re4 Rfd8 18. Re5 Rac8 19. Be2 Rd4 20. b3 Kg7 21. Rd1 Kf6 22. Rxd4 Kxe5 23. Re4+ Kd6 24. g4 f5 25. Re3 Re8 26. Kd2 Bc8 27. h3 e5 28. Bd3 Ke6 29. Kc3 a5 30. f4 e4 31. Be2 Bd7 32. g5 h6 33. h4 hxg5 34. hxg5 Rh8 35. a3 Rh4 36. b4 Rxf4 37. bxc5 Bc6 38. Kd4 a4 39. Rh3 Rf2 40. Ke3 Rg2 41. Rh7 Bd7 42. Rh8 f4+ 43. Kxf4 Rxe2 44. Rg8 Kf7 45. Rd8 Ke7 46. Rg8 Bf5 47. Ke5 Rc2 48. c6 Rxc4 49. Rg7+ Kf8 50. Rc7 e3 51. Kf6 e2 52. Rf7+ Kg8 53. Rg7+ Kh8 54. Re7 Rxc6+ 55. Kf7 Re6 56. Rxe6 Bxe6+ 57. Kxg6 e1=Q 58. Kf6 Qe4 59. g6 Qf5+ 60. Ke7 Qxg6 0-1

[Event "CYCC U12"]
[Site "Ottawa CAN"]
[Date "2007.07.04"]
[Round "3"]
[White "Hughes, Ben"]
[Black "Lampi, Billy"]
[Result "0-1"]
[WhiteElo "870"]
[BlackElo "1181"]
[PlyCount "56"]
[GameId "2160767910650866"]
[EventDate "2007.07.03"]
[EventType "swiss"]
[EventRounds "7"]
[EventCountry "CAN"]
[SourceTitle "EXT 2022"]
[Source "ChessBase"]
[SourceDate "2021.10.06"]
[SourceVersion "1"]
[SourceVersionDate "2021.10.06"]
[SourceQuality "1"]

1. d4 e6 2. c4 Ne7 3. Nc3 d6 4. Bg5 Nd7 5. e3 g6 6. Nf3 Bg7 7. Bd3 b6 8. O-O Bb7 9. d5 O-O 10. dxe6 fxe6 11. h3 Bf6 12. Bh6 Rf7 13. Ng5 Bxg5 14. Bxg5 h6 15. Bxg6 Rg7 16. Bxe7 Qxe7 17. Be4 Bxe4 18. Nxe4 Qe8 19. Re1 Qg6 20. g3 Qxe4 21. f3 Qh4 22. g4 Qxh3 23. e4 Rf8 24. Rf1 Rxf3 25. Rxf3 Rxg4+ 26. Kf2 Qg2+ 27. Ke3 Nc5 28. Qf1 Rxe4# 0-1

[Event "CYCC U12"]
[Site "Ottawa CAN"]
[Date "2007.07.04"]
[Round "3"]
[White "Inigo, Aquino"]
[Black "Gladstone, Simon"]
[Result "1-0"]
[WhiteElo "1995"]
[BlackElo "1848"]
[PlyCount "89"]
[GameId "2160767910650867"]
[EventDate "2007.07.03"]
[EventType "swiss"]
[EventRounds "7"]
[EventCountry "CAN"]
[SourceTitle "EXT 2022"]
[Source "ChessBase"]
[SourceDate "2021.10.06"]
[SourceVersion "1"]
[SourceVersionDate "2021.10.06"]
[SourceQuality "1"]

1. d4 e6 2. c4 Nf6 3. Nf3 Bb4+ 4. Bd2 Qe7 5. e3 O-O 6. Bd3 Bxd2+ 7. Qxd2 d6 8. Nc3 Nbd7 9. O-O b6 10. Qc2 Re8 11. Ne4 h6 12. Nxf6+ Nxf6 13. Be4 d5 14. cxd5 exd5 15. Bd3 c5 16. Rac1 c4 17. Bf5 Bxf5 18. Qxf5 Qe4 19. Qxe4 Nxe4 20. Ne5 Rec8 21. f3 Nd6 22. Rfe1 b5 23. Nd7 Re8 24. Nc5 Nf5 25. Kf2 Rac8 26. g4 Ne7 27. e4 Nc6 28. exd5 Rxe1 29. Rxe1 Nxd4 30. Ne4 Rd8 31. d6 Nc6 32. Rd1 Ne5 33. Nc5 Nd7 34. Nxd7 Rxd7 35. Ke3 f6 36. Ke4 Kf7 37. Kd5 Ke8 38. Kc6 a6 39. Rd2 b4 40. Rc2 b3 41. axb3 cxb3 42. Re2+ Kd8 43. Re3 a5 44. Rxb3 Kc8 45. Rb8+ 1-0

[Event "CYCC U12"]
[Site "Ottawa CAN"]
[Date "2007.07.04"]
[Round "3"]
[White "Lepine, Cedric"]
[Black "Marcotte, Neil"]
[Result "1-0"]
[WhiteElo "1516"]
[BlackElo "1230"]
[PlyCount "43"]
[GameId "2160767910650868"]
[EventDate "2007.07.03"]
[EventType "swiss"]
[EventRounds "7"]
[EventCountry "CAN"]
[SourceTitle "EXT 2022"]
[Source "ChessBase"]
[SourceDate "2021.10.06"]
[SourceVersion "1"]
[SourceVersionDate "2021.10.06"]
[SourceQuality "1"]

1. e4 e5 2. f4 Nc6 3. Bb5 exf4 4. Nf3 Bc5 5. d4 Bb4+ 6. c3 Be7 7. Bxf4 a6 8. Bd3 Nf6 9. Nbd2 O-O 10. O-O d5 11. e5 Ng4 12. h3 Nf6 13. exf6 Bxf6 14. Qc2 g6 15. Rae1 Ne7 16. Bg5 Bxg5 17. Nxg5 Nf5 18. Bxf5 gxf5 19. Rxf5 f6 20. Rxf6 Rxf6 21. Qxh7+ Kf8 22. Qh8# 1-0

[Event "CYCC U12"]
[Site "Ottawa CAN"]
[Date "2007.07.04"]
[Round "3"]
[White "Leu, Richard"]
[Black "Nunez-Painchaud, Raphael"]
[Result "1-0"]
[WhiteElo "1824"]
[BlackElo "1468"]
[PlyCount "117"]
[GameId "2160767910650869"]
[EventDate "2007.07.03"]
[EventType "swiss"]
[EventRounds "7"]
[EventCountry "CAN"]
[SourceTitle "EXT 2022"]
[Source "ChessBase"]
[SourceDate "2021.10.06"]
[SourceVersion "1"]
[SourceVersionDate "2021.10.06"]
[SourceQuality "1"]

1. d4 Nf6 2. c4 e6 3. Nc3 Bb4 4. Qc2 b6 5. a3 Bxc3+ 6. Qxc3 Bb7 7. f3 d6 8. e4 c5 9. d5 e5 10. Be3 h6 11. Ne2 Nbd7 12. Ng3 g6 13. Qd2 Ng8 14. Bd3 Qe7 15. Rb1 Rc8 16. Ke2 Qf8 17. b4 Ne7 18. Rhc1 f5 19. Nf1 f4 20. Bf2 g5 21. Ke1 Ng6 22. Qe2 Qg7 23. Nd2 O-O 24. Nb3 Rb8 25. bxc5 Nxc5 26. Bxc5 bxc5 27. Na5 Qc7 28. Nxb7 Rxb7 29. Rxb7 Qxb7 30. Rb1 Qc7 31. Qb2 Rc8 32. Qb5 Kf7 33. a4 Rd8 34. a5 Nf8 35. Qa6 Rb8 36. Rb5 Nd7 37. Qc6 Qd8 38. Rxb8 Nxb8 39. Qb7+ Nd7 40. Qxa7 Ke7 41. Qa6 Qb8 42. Qb5 Kd8 43. Kd2 Kc8 44. Kc3 Qb7 45. Kb3 Kc7 46. Ka3 Nb8 47. Bc2 Na6 48. Ba4 Qxb5 49. cxb5 Nb4 50. Kb3 h5 51. b6+ Kb7 52. Be8 h4 53. Bd7 Ka6 54. Ka4 Kb7 55. Kb5 Kb8 56. a6 Nxa6 57. Kxa6 c4 58. Ba4 g4 59. h3 1-0

[Event "CYCC U12"]
[Site "Ottawa CAN"]
[Date "2007.07.04"]
[Round "3"]
[White "Li, Changhe"]
[Black "Xu, Jun Rui"]
[Result "1-0"]
[WhiteElo "1807"]
[BlackElo "1437"]
[PlyCount "67"]
[GameId "2160767910650870"]
[EventDate "2007.07.03"]
[EventType "swiss"]
[EventRounds "7"]
[EventCountry "CAN"]
[SourceTitle "EXT 2022"]
[Source "ChessBase"]
[SourceDate "2021.10.06"]
[SourceVersion "1"]
[SourceVersionDate "2021.10.06"]
[SourceQuality "1"]

1. e4 e5 2. Nf3 Nc6 3. Nc3 Nf6 4. d4 exd4 5. Nxd4 Bc5 6. Be3 Bxd4 7. Bxd4 d6 8. Be2 O-O 9. O-O Re8 10. f3 a6 11. Re1 d5 12. Bxf6 Qxf6 13. Nxd5 Qd6 14. Qd2 Be6 15. Rad1 Rad8 16. Qc3 Bxd5 17. Rxd5 Qh6 18. Red1 Qh4 19. Bc4 h6 20. a4 Rxd5 21. Bxd5 Rd8 22. b4 Ne7 23. Bxf7+ Kxf7 24. Rxd8 Qf4 25. Qc4+ Kg6 26. Qe6+ Kh7 27. Qxe7 Qe3+ 28. Kf1 Qc1+ 29. Kf2 Qxc2+ 30. Kg3 Qxa4 31. Rd7 Qa1 32. e5 Qe1+ 33. Kh3 Qe3 34. Qxg7# 1-0

[Event "CYCC U12"]
[Site "Ottawa CAN"]
[Date "2007.07.04"]
[Round "3"]
[White "Michaelis, Nathaniel"]
[Black "Godreau, Kieran"]
[Result "1-0"]
[WhiteElo "1195"]
[BlackElo "1090"]
[PlyCount "79"]
[GameId "2160767910650872"]
[EventDate "2007.07.03"]
[EventType "swiss"]
[EventRounds "7"]
[EventCountry "CAN"]
[SourceTitle "EXT 2022"]
[Source "ChessBase"]
[SourceDate "2021.10.06"]
[SourceVersion "1"]
[SourceVersionDate "2021.10.06"]
[SourceQuality "1"]

1. e4 e6 2. d4 d5 3. exd5 exd5 4. Nf3 Qe7+ 5. Be2 Nd7 6. O-O Ngf6 7. Re1 Nb6 8. Bb5+ Bd7 9. Rxe7+ Bxe7 10. Bxd7+ Nbxd7 11. Nc3 O-O-O 12. Ne5 Rhe8 13. Nxf7 Bb4 14. Nxd8 Rxd8 15. Bg5 Re8 16. Qf3 Re6 17. a3 Ba5 18. Nxd5 h6 19. Bxf6 gxf6 20. Qf5 Nf8 21. Ne7+ Kd8 22. Qxa5 Rxe7 23. Qd5+ Ke8 24. h3 Nd7 25. Qg8+ Nf8 26. Rd1 b6 27. d5 c5 28. dxc6 b5 29. Qh8 Re6 30. c7 Rc6 31. Re1+ Kd7 32. Qxf8 Kxc7 33. Qe7+ Kb6 34. Re6 Rxe6 35. Qxe6+ Ka5 36. Qxf6 h5 37. Qc3+ Kb6 38. b4 h4 39. Qc5+ Ka6 40. Qc6# 1-0

[Event "CYCC U12"]
[Site "Ottawa CAN"]
[Date "2007.07.04"]
[Round "3"]
[White "Qin, Zi Yi (Joey)"]
[Black "Constantinescu, Vlad"]
[Result "1-0"]
[WhiteElo "2089"]
[BlackElo "1676"]
[PlyCount "183"]
[GameId "2160767910650873"]
[EventDate "2007.07.03"]
[EventType "swiss"]
[EventRounds "7"]
[EventCountry "CAN"]
[SourceTitle "EXT 2022"]
[Source "ChessBase"]
[SourceDate "2021.10.06"]
[SourceVersion "1"]
[SourceVersionDate "2021.10.06"]
[SourceQuality "1"]

1. e4 e5 2. Nf3 Nc6 3. Bb5 Bc5 4. O-O Nge7 5. c3 a6 6. Ba4 b5 7. Bb3 Ng6 8. d4 Bb6 9. Ng5 O-O 10. Qh5 h6 11. Nxf7 Rxf7 12. Qxg6 Qf8 13. Qxf7+ Qxf7 14. Bxf7+ Kxf7 15. d5 Ne7 16. Be3 d6 17. Bxb6 cxb6 18. f4 exf4 19. Rxf4+ Kg8 20. Nd2 Bd7 21. Raf1 Ng6 22. R4f2 Re8 23. h3 Ne5 24. Nb3 Nc4 25. Re1 Ne5 26. Ref1 Nc4 27. Re2 Ne5 28. Nd4 a5 29. Nf3 Ng6 30. Rfe1 Nf4 31. Re3 Kf8 32. Nd4 Kg8 33. Nf3 Ng6 34. e5 Nf4 35. exd6 Rd8 36. Re7 Nxd5 37. Ne5 Be8 38. Nc4 Nxe7 39. dxe7 Rd3 40. Nxb6 Kf7 41. Nc8 Bd7 42. Rf1+ Ke6 43. Rf8 Bc6 44. e8=Q+ Bxe8 45. Rxe8+ Kd7 46. Re7+ Kxc8 47. Rxg7 Rd2 48. Ra7 a4 49. c4 Rxb2 50. cxb5 Rxa2 51. b6 a3 52. Kh2 Kb8 53. Kg3 Rb2 54. Rxa3 Rxb6 55. Rc3 Rg6+ 56. Kh2 Kb7 57. h4 Kb6 58. Kh3 h5 59. Rc8 Rd6 60. Kg3 Rd4 61. Rh8 Rd5 62. Rg8 Rd3+ 63. Kf4 Rd4+ 64. Kg3 Rd3+ 65. Kh2 Rd6 66. Rg5 Rh6 67. Kg3 Kc6 68. Kf4 Kd6 69. Kf5 Ke7 70. Rg6 Rh8 71. Kg5 Kf7 72. g3 Rh7 73. Rh6 Rg7+ 74. Kf4 Rg4+ 75. Kf3 Kg7 76. Rxh5 Ra4 77. Re5 Kg6 78. g4 Ra1 79. h5+ Kf6 80. Rf5+ Kg7 81. Kf4 Kh6 82. Rf6+ Kg7 83. Kg5 Ra5+ 84. Rf5 Ra6 85. Rb5 Ra7 86. h6+ Kh7 87. Kh5 Re7 88. g5 Re8 89. g6+ Kh8 90. Rf5 Kg8 91. h7+ Kh8 92. Kh6 1-0

[Event "CYCC U12"]
[Site "Ottawa CAN"]
[Date "2007.07.04"]
[Round "3"]
[White "Seguin, Ryan"]
[Black "Passador, Stephen"]
[Result "0-1"]
[WhiteElo "1323"]
[BlackElo "1239"]
[PlyCount "100"]
[GameId "2160767910650874"]
[EventDate "2007.07.03"]
[EventType "swiss"]
[EventRounds "7"]
[EventCountry "CAN"]
[SourceTitle "EXT 2022"]
[Source "ChessBase"]
[SourceDate "2021.10.06"]
[SourceVersion "1"]
[SourceVersionDate "2021.10.06"]
[SourceQuality "1"]

1. e4 e5 2. Nf3 Nc6 3. Bc4 h6 4. Nc3 Nf6 5. O-O Bc5 6. h3 O-O 7. Re1 a6 8. d3 d6 9. a3 Bd4 10. Bd2 Nh5 11. Kf1 Qf6 12. Nxd4 Nxd4 13. Kg1 Nf4 14. Bxf4 Qxf4 15. Ne2 Qg5 16. Ng3 Kh8 17. c3 Nc6 18. Qh5 Qxh5 19. Nxh5 f5 20. Ng3 f4 21. Ne2 f3 22. gxf3 Rxf3 23. Kg2 Rf6 24. Ng1 Bd7 25. Bd5 Raf8 26. Rf1 g5 27. Rab1 b6 28. b4 Ne7 29. Bb7 Bb5 30. c4 Ba4 31. Bxa6 Bc2 32. Rb2 Bxd3 33. Re1 Rf4 34. Re3 Bxe4+ 35. Kf1 Bb1 36. a4 Be4 37. a5 Ba8 38. Bb5 Ng6 39. a6 c6 40. Ba4 Nh4 41. Rd3 Rxc4 42. Ne2 Ng6 43. Rxd6 Nf4 44. Rxh6+ Kg7 45. Rd6 Nxh3 46. Rd7+ Kh8 47. Bc2 Nxf2 48. Kg1 Rg4+ 49. Kh2 c5 50. bxc5 Rg2# 0-1

[Event "CYCC U12"]
[Site "Ottawa CAN"]
[Date "2007.07.04"]
[Round "3"]
[White "Tyagi, Karthikay"]
[Black "Chartrand, Maxime"]
[Result "1-0"]
[WhiteElo "1156"]
[BlackElo "899"]
[PlyCount "75"]
[GameId "2160767910650875"]
[EventDate "2007.07.03"]
[EventType "swiss"]
[EventRounds "7"]
[EventCountry "CAN"]
[SourceTitle "EXT 2022"]
[Source "ChessBase"]
[SourceDate "2021.10.06"]
[SourceVersion "1"]
[SourceVersionDate "2021.10.06"]
[SourceQuality "1"]

1. d4 d5 2. Nf3 Nc6 3. g3 Nf6 4. Bg2 Bf5 5. Bg5 Bg4 6. Nbd2 Bxf3 7. Nxf3 Ne4 8. Bf4 e6 9. O-O g5 10. Be3 g4 11. Nh4 Be7 12. c4 dxc4 13. Bxe4 Bxh4 14. gxh4 Qxh4 15. d5 Ne5 16. Bf4 g3 17. fxg3 Qg4 18. Bxe5 Qxe4 19. Bxh8 O-O-O 20. Qd4 Qxe2 21. Rae1 Qh5 22. Qxa7 Qxd5 23. Qa8+ Kd7 24. Qxd8+ Kxd8 25. Rd1 c6 26. Rxd5+ cxd5 27. Rxf7 d4 28. Bxd4 Ke8 29. Rxh7 b6 30. Bxb6 e5 31. g4 e4 32. a4 Kf8 33. a5 Kg8 34. a6 Kxh7 35. a7 c3 36. a8=Q c2 37. Qxe4+ Kg7 38. Qxc2 1-0

[Event "CYCC U12"]
[Site "Ottawa CAN"]
[Date "2007.07.04"]
[Round "3"]
[White "Venner, John"]
[Black "Gustafson, Blake"]
[Result "1-0"]
[WhiteElo "784"]
[BlackElo "1153"]
[PlyCount "90"]
[GameId "2160767910650876"]
[EventDate "2007.07.03"]
[EventType "swiss"]
[EventRounds "7"]
[EventCountry "CAN"]
[SourceTitle "EXT 2022"]
[Source "ChessBase"]
[SourceDate "2021.10.06"]
[SourceVersion "1"]
[SourceVersionDate "2021.10.06"]
[SourceQuality "1"]

1. e4 e5 2. Nf3 Nc6 3. Bc4 Qf6 4. Nc3 Bc5 5. d3 d6 6. Nd5 Qd8 7. Ng5 Be6 8. Nxe6 fxe6 9. Nc3 Qf6 10. O-O Nge7 11. Qg4 h5 12. Qxe6 Qxe6 13. Bxe6 Nd4 14. Bb3 Nxb3 15. axb3 Rg8 16. Nd5 Nxd5 17. exd5 g5 18. Be3 Bxe3 19. fxe3 g4 20. g3 a6 21. b4 c6 22. dxc6 bxc6 23. c4 Rh8 24. b5 cxb5 25. cxb5 a5 26. Rac1 h4 27. gxh4 Rxh4 28. b6 Rh3 29. b7 Rd8 30. Rc8 g3 31. hxg3 Rxg3+ 32. Kh2 Rxe3 33. Rxd8+ Kxd8 34. b8=Q+ Ke7 35. Qa7+ Ke6 36. Qxe3 d5 37. d4 e4 38. Qa3 e3 39. Qxa5 e2 40. Re1 Kf6 41. Qxd5 Kg6 42. Rxe2 Kf6 43. Qe5+ Kg6 44. Rf2 Kh6 45. Qh5+ Kxh5 1-0

[Event "CYCC U12"]
[Site "Ottawa CAN"]
[Date "2007.07.04"]
[Round "3"]
[White "Wang, Harris"]
[Black "Florea, Alexandru"]
[Result "0-1"]
[WhiteElo "1645"]
[BlackElo "1781"]
[PlyCount "94"]
[GameId "2160767910650877"]
[EventDate "2007.07.03"]
[EventType "swiss"]
[EventRounds "7"]
[EventCountry "CAN"]
[SourceTitle "EXT 2022"]
[Source "ChessBase"]
[SourceDate "2021.10.06"]
[SourceVersion "1"]
[SourceVersionDate "2021.10.06"]
[SourceQuality "1"]

1. e4 c5 2. Nf3 d6 3. Bb5+ Bd7 4. Bxd7+ Qxd7 5. O-O Nc6 6. c4 Nf6 7. Nc3 g6 8. Re1 Bg7 9. d4 cxd4 10. Nxd4 O-O 11. f3 Rac8 12. Be3 Nxd4 13. Qxd4 Ng4 14. Qd3 Nxe3 15. Rxe3 Bxc3 16. Qxc3 b5 17. b3 bxc4 18. bxc4 Qa4 19. Qa3 Rxc4 20. Qxa4 Rxa4 21. Rc3 Rb8 22. Rc7 Kf8 23. Rc2 Ra3 24. Kf2 Kg7 25. Kg3 Kf6 26. Kg4 h5+ 27. Kh4 Ke5 28. Kg5 Rb5 29. Rd1 Ke6+ 30. Kh4 f5 31. exf5+ Kxf5 32. Re1 e5 33. Rd1 Rb4+ 34. Kg3 Ra6 35. Rdd2 g5 36. Rc7 h4+ 37. Kh3 Rd4 38. Rb2 Ra3 39. Rf2 Kf4 40. g3+ Ke3 41. Kg2 h3+ 42. Kg1 Rd1+ 43. Rf1 Rxf1+ 44. Kxf1 Rxa2 45. Rc1 Rxh2 46. Kg1 Rg2+ 47. Kh1 Ra2 0-1

[Event "CYCC U12"]
[Site "Ottawa CAN"]
[Date "2007.07.04"]
[Round "4"]
[White "Constantinescu, Vlad"]
[Black "Marinkovic, Mate"]
[Result "1-0"]
[WhiteElo "1629"]
[BlackElo "1907"]
[PlyCount "103"]
[GameId "2160767910650878"]
[EventDate "2007.07.03"]
[EventType "swiss"]
[EventRounds "7"]
[EventCountry "CAN"]
[SourceTitle "EXT 2022"]
[Source "ChessBase"]
[SourceDate "2021.10.06"]
[SourceVersion "1"]
[SourceVersionDate "2021.10.06"]
[SourceQuality "1"]

1. e4 c5 2. f4 g6 3. Nf3 Bg7 4. Bc4 d6 5. Nc3 Nc6 6. O-O Bg4 7. d3 Nd4 8. Bb5+ Nxb5 9. Nxb5 e6 10. Nc3 Ne7 11. Be3 O-O 12. Qd2 Rc8 13. Qf2 b6 14. Nh4 d5 15. h3 Bxh3 16. gxh3 d4 17. Bd2 dxc3 18. bxc3 f5 19. Rae1 Nc6 20. Nf3 Re8 21. Re2 Qd7 22. Rfe1 Rcd8 23. Kh2 Rc8 24. Ng5 Bf6 25. Nf3 Rcd8 26. Rd1 Qg7 27. e5 Be7 28. Be3 Bf8 29. d4 cxd4 30. cxd4 Nb4 31. c3 Nd5 32. Rc2 Rc8 33. c4 Nxe3 34. Qxe3 Red8 35. Qb3 Qe7 36. d5 Qc5 37. d6 b5 38. Rdc1 bxc4 39. Qxc4 Qxc4 40. Rxc4 Rb8 41. R1c2 Rb6 42. Rd4 Ra6 43. Ng5 Re8 44. a4 h6 45. Nf3 Rd8 46. Ne1 Rb6 47. Nd3 a5 48. Rc7 Rbb8 49. Nc5 Re8 50. Nd7 Ra8 51. Nf6+ Kh8 52. Rh7# 1-0

[Event "CYCC U12"]
[Site "Ottawa CAN"]
[Date "2007.07.04"]
[Round "4"]
[White "Farrant-Diaz, Nathan"]
[Black "Wang, Harris"]
[Result "0-1"]
[WhiteElo "1311"]
[BlackElo "1645"]
[PlyCount "117"]
[GameId "2160767910650879"]
[EventDate "2007.07.03"]
[EventType "swiss"]
[EventRounds "7"]
[EventCountry "CAN"]
[SourceTitle "EXT 2022"]
[Source "ChessBase"]
[SourceDate "2021.10.06"]
[SourceVersion "1"]
[SourceVersionDate "2021.10.06"]
[SourceQuality "1"]

1. e4 c5 2. Nf3 d6 3. d4 cxd4 4. Nxd4 Nf6 5. Nc3 g6 6. Be3 Bg7 7. f3 Nc6 8. Bb5 Bd7 9. O-O O-O 10. Qd2 a6 11. Bc4 Rc8 12. Bd5 Nxd5 13. Nxd5 Re8 14. Nxc6 Bxc6 15. Nb6 Rb8 16. Nc4 Bb5 17. Bd4 Bxd4+ 18. Qxd4 Qc7 19. b3 Bxc4 20. bxc4 Rec8 21. Rab1 Qxc4 22. Qxc4 Rxc4 23. Rb2 b5 24. Ra1 Rbc8 25. Rc1 b4 26. Kf2 Kg7 27. Ke3 Kf6 28. Kd3 Ke5 29. Rb3 Rc3+ 30. Kd2 Rxb3 31. axb3 a5 32. Ra1 Rc5 33. Ra2 Kd4 34. Ra1 d5 35. Ra4 dxe4 36. fxe4 Kxe4 37. c4 e5 38. Ra1 Kd4 39. Rf1 f5 40. g3 e4 41. Rf4 a4 42. Kc2 axb3+ 43. Kxb3 Rxc4 44. g4 fxg4 45. Rxg4 Rc3+ 46. Kxb4 Rh3 47. Rg2 Kd3 48. Ra2 e3 49. Ra3+ Ke2 50. Ra7 Rxh2 51. Ra2+ Kd1 52. Rxh2 e2 53. Rxh7 e1=Q+ 54. Kc5 Qe3+ 55. Kd5 Qg5+ 56. Ke6 Qf5+ 57. Ke7 g5 58. Rf7 Qxf7+ 59. Kxf7 0-1

[Event "CYCC U12"]
[Site "Ottawa CAN"]
[Date "2007.07.04"]
[Round "4"]
[White "Florea, Alexandru"]
[Black "Cheng, Jack"]
[Result "1/2-1/2"]
[WhiteElo "1781"]
[BlackElo "1843"]
[PlyCount "96"]
[GameId "2160767910650880"]
[EventDate "2007.07.03"]
[EventType "swiss"]
[EventRounds "7"]
[EventCountry "CAN"]
[SourceTitle "EXT 2022"]
[Source "ChessBase"]
[SourceDate "2021.10.06"]
[SourceVersion "1"]
[SourceVersionDate "2021.10.06"]
[SourceQuality "1"]

1. e4 e5 2. Nf3 Nc6 3. Bc4 Nf6 4. Ng5 d5 5. exd5 Na5 6. Bb5+ c6 7. dxc6 bxc6 8. Qf3 Rb8 9. Bd3 h6 10. Ne4 Nd5 11. b3 Nf4 12. Nbc3 Nxd3+ 13. Qxd3 Qxd3 14. cxd3 Ba6 15. Bb2 Bxd3 16. f3 f5 17. Nf2 Ba6 18. Na4 Bd6 19. O-O-O O-O 20. Rhe1 Rbe8 21. d4 exd4 22. Bxd4 Bxh2 23. Bxa7 Bf4+ 24. Kb1 Rxe1 25. Rxe1 Rf7 26. Bb6 Nb7 27. Re6 Bb5 28. Nc3 Bd6 29. Nxb5 cxb5 30. Nd3 Re7 31. Rxe7 Bxe7 32. a4 bxa4 33. bxa4 Bd8 34. Bxd8 Nxd8 35. a5 Nc6 36. a6 Na7 37. Kc1 Kf7 38. Kd2 g5 39. Ke3 Ke6 40. Kd4 Kd6 41. Ne5 Nb5+ 42. Kc4 Nc7 43. a7 Kxe5 44. Kc5 Na8 45. Kc6 h5 46. Kb7 Kd6 47. Kxa8 Kc7 48. g4 hxg4 1/2-1/2

[Event "CYCC U12"]
[Site "Ottawa CAN"]
[Date "2007.07.04"]
[Round "4"]
[White "Gladstone, Simon"]
[Black "Chan, Alex H"]
[Result "1/2-1/2"]
[WhiteElo "1848"]
[BlackElo "1675"]
[PlyCount "69"]
[GameId "2160767910650881"]
[EventDate "2007.07.03"]
[EventType "swiss"]
[EventRounds "7"]
[EventCountry "CAN"]
[SourceTitle "EXT 2022"]
[Source "ChessBase"]
[SourceDate "2021.10.06"]
[SourceVersion "1"]
[SourceVersionDate "2021.10.06"]
[SourceQuality "1"]

1. e4 e5 2. Nf3 Nc6 3. Nc3 Nf6 4. d4 exd4 5. Nxd4 Bb4 6. Nxc6 bxc6 7. Bd3 O-O 8. O-O Re8 9. Re1 h6 10. Bd2 Bc5 11. e5 Nd5 12. Nxd5 cxd5 13. Qg4 d6 14. Qg3 dxe5 15. Bxh6 Qf6 16. Bb5 Rd8 17. Be3 Bxe3 18. Qxe3 c6 19. Ba4 Re8 20. Rad1 Re7 21. Bb3 Bf5 22. c4 d4 23. Rxd4 exd4 24. Qxe7 Qxe7 25. Rxe7 d3 26. Re1 d2 27. Rd1 Re8 28. f3 Re2 29. Kf1 Bd3 30. c5 Bb5 31. Bc2 Kf8 32. a4 Ba6 33. b4 Bc4 34. h4 a6 35. Kg1 1/2-1/2

[Event "CYCC U12"]
[Site "Ottawa CAN"]
[Date "2007.07.04"]
[Round "4"]
[White "Godreau, Kieran"]
[Black "Hughes, Ben"]
[Result "0-1"]
[WhiteElo "1090"]
[BlackElo "870"]
[PlyCount "108"]
[GameId "2160767910650882"]
[EventDate "2007.07.03"]
[EventType "swiss"]
[EventRounds "7"]
[EventCountry "CAN"]
[SourceTitle "EXT 2022"]
[Source "ChessBase"]
[SourceDate "2021.10.06"]
[SourceVersion "1"]
[SourceVersionDate "2021.10.06"]
[SourceQuality "1"]

1. e3 e5 2. d4 e4 3. Nc3 Nf6 4. f3 Bb4 5. a3 Bxc3+ 6. bxc3 O-O 7. Bc4 d5 8. Bb3 Bf5 9. c4 Nc6 10. cxd5 Nxd5 11. Bb2 Qg5 12. Nh3 Qxg2 13. Nf2 Nxe3 14. Qe2 Nd5 15. Bxd5 exf3 16. Bxf3 Qg5 17. Bc1 Rfe8 18. Bxg5 Rxe2+ 19. Bxe2 Nxd4 20. Bc4 Nxc2+ 21. Ke2 Re8+ 22. Kd1 Nxa1 23. Bb5 Bc2+ 24. Kc1 c6 25. Bd3 Bxd3 26. Nxd3 Re2 27. Kb1 Nc2 28. Nf4 Re3 29. Rd1 Nxa3+ 30. Ka2 h6 31. Ng2 Rc3 32. Rd8+ Kh7 33. Be3 b5 34. Bxa7 b4 35. Rb8 Rc2+ 36. Kb3 Rxg2 37. Kxb4 Nc2+ 38. Kc3 Rxh2 39. Rc8 g5 40. Rxc6 g4 41. Rc7 Kg7 42. Rc4 h5 43. Rc6 Ne1 44. Bb8 Rc2+ 45. Kb3 Rxc6 46. Be5+ Kg6 47. Bc3 Nf3 48. Kb4 g3 49. Kb5 Rxc3 50. Kb4 Rc8 51. Kb3 g2 52. Ka3 g1=Q 53. Ka2 Qb6 54. Ka3 Ra8# 0-1